[Event "BCF-chT4 2223 (4NCL)"]
[Site "England"]
[Date "2023.03.25"]
[Round "7.64"]
[White "Goodwin, Ed H"]
[Black "Sezer, Steve"]
[Result "1-0"]
[WhiteElo "1811"]
[BlackElo "1499"]
[PlyCount "93"]
[EventDate "2022.11.05"]
[EventType "team-swiss"]
[EventRounds "11"]
[EventCountry "ENG"]
[SourceTitle "EXT 2024"]
[Source "ChessBase"]
[SourceDate "2023.10.10"]
[SourceVersion "1"]
[SourceVersionDate "2023.10.10"]
[SourceQuality "1"]
[WhiteTeam "Coventry"]
[BlackTeam "Barnet Knights III"]
[WhiteTeamCountry "ENG"]
[BlackTeamCountry "ENG"]

1. d4 d5 2. c4 e6 3. Nc3 Nf6 4. cxd5 Nxd5 5. e4 Nb6 6. Nf3 c5 7. Be3 cxd4 8. Nxd4 Bc5 9. Nxe6 Qxd1+ 10. Rxd1 Bxe6 11. Bxc5 N8d7 12. Bxb6 Nxb6 13. Bb5+ Bd7 14. Bxd7+ Nxd7 15. 0-0 Nb6 16. g3 0-0 17. Rfe1 Rfe8 18. f3 a6 19. Kf2 Rac8 20. Re2 Kf8 21. f4 Re6 22. Red2 Ke8 23. Nd5 Nc4 24. Re2 f6 25. b3 Nb6 26. Red2 Nd7 27. Kf3 Nc5 28. Rd4 Rec6 29. R4d2 Re6 30. Re2 Nd7 31. Ne3 Rc3 32. Rc2 Rxc2 33. Nxc2 Nc5 34. Rd4 Rb6 35. Ne3 Ne6 36. Rc4 Rc6 37. Rxc6 bxc6 38. Nc2 Kd7 39. Ke3 Kd6 40. Nd4 Nxd4 41. Kxd4 a5 42. Kc4 h5 43. h3 g5 44. h4 g4 45. a4 Ke6 46. Kc5 Kd7 47. Kb6 1-0